Kuluttajien maksuhäiriöt ja velkojat: yrityshaastatteluihin perustuva tutkimus

Gespeichert in:  
Bibliographische Detailangaben
1. VerfasserIn: Pulkkinen, Kimmo (Verfasst von)
Medienart: Druck Buch
Sprache:Finnisch
Veröffentlicht: Helsinki Oikeuspoliittinen Tutkimuslaitos 1990
In: Oikeuspoliittisen Tutkimuslaitoksen julkaisuja (100)
Jahr: 1990
Bestand in Tübingen:In Tübingen vorhanden.
UB: KB 8 E 3354
Verfügbarkeit prüfen: HBZ Gateway
Subito Bestelldienst: Jetzt bestellen.
Schlagwörter:

MARC

LEADER 00000cam a2200000 c 4500
001 25639654X
003 DE-627
005 20220831235914.0
007 tu
008 920519s1990 fi ||||| 00| ||fin c
020 |a 9517041284  |9 951-704-128-4 
035 |a (DE-627)25639654X 
035 |a (DE-576)028397991 
035 |a (DE-599)GBV25639654X 
035 |a (OCoLC)246674082 
035 |a (OCoLC)23079964 
040 |a DE-627  |b ger  |c DE-627  |e rakwb 
041 |a fin  |b swe 
044 |c XA-FI 
100 1 |a Pulkkinen, Kimmo  |4 aut 
242 1 0 |a Schwed. Zs.fassung u.d.T.: Borgenärerna och konsumenternas betalningsstörningar  |y fin 
245 1 0 |a Kuluttajien maksuhäiriöt ja velkojat  |b yrityshaastatteluihin perustuva tutkimus  |c Kimmo Pulkkinen 
264 1 |a Helsinki  |b Oikeuspoliittinen Tutkimuslaitos  |c 1990 
300 |a 109 S. 
336 |a Text  |b txt  |2 rdacontent 
337 |a ohne Hilfsmittel zu benutzen  |b n  |2 rdamedia 
338 |a Band  |b nc  |2 rdacarrier 
490 1 |a Oikeuspoliittisen Tutkimuslaitoksen julkaisuja  |v 100 
500 |a Finn. - Inhalt d. Titels: Gläubiger und Zahlungsunfähigkeit der Konsumenten 
583 1 |a Archivierung prüfen  |c 20200919  |f DE-640  |z 1  |2 pdager 
650 7 |8 1.1\x  |a Kreditwürdigkeit  |0 (DE-627)091372879  |0 (DE-2867)12253-4  |2 stw 
650 7 |8 1.2\x  |a Kredit  |0 (DE-627)091372720  |0 (DE-2867)12251-1  |2 stw 
650 7 |8 1.3\x  |a Finnland  |0 (DE-627)091360080  |0 (DE-2867)16982-5  |2 stw 
655 4 |0 (DE-206)34  |a Graue Literatur  |5 DE-206 
810 2 |a Oikeuspoliittinen Tutkimuslaitos  |g Helsinki  |t Oikeuspoliittisen Tutkimuslaitoksen julkaisuja  |v 100  |9 100  |w (DE-627)13109291X  |w (DE-576)008466092  |w (DE-600)1115904-2  |x 0357-0126  |7 am 
951 |a BO 
ELC |b 1 
LOK |0 000 xxxxxcx a22 zn 4500 
LOK |0 001 3119397709 
LOK |0 003 DE-627 
LOK |0 004 25639654X 
LOK |0 005 20150911125807 
LOK |0 008 920519||||||||||||||||ger||||||| 
LOK |0 040   |a DE-21  |c DE-627  |d DE-21 
LOK |0 852   |a DE-21 
LOK |0 852 1  |c KB 8 E 3354  |9 00 
LOK |0 935   |a krim 
LOK |0 939   |a 19-05-92  |b l01 
ORI |a SA-MARC-krimdoka001.raw 
SIG |a UB: KB 8 E 3354